01326nam a22003257a 45000010005000000030009000050050017000140070005000310080031000360200018000670400022000850820024001071000027001312450051001582500005002092600059002143000026002734900022002996500033003216500033003548300022003879100037004099420012004469450023004589520156004819520156006379520167007939560025009609990015009850074DO-SdBNP20180220105434.00074151012b 2007 ag | 00| 0 spa d a9789870401124 aBPMSUbspacBPMSU 4aA863.44bS338c 200710aSchlaen, Carlosd1946-13aEl caso del cantante de rock /cCarlos Schlaen   aBuenos Aires, Argentina :bEditorial Alfaguara,c2007. a61 p. :bil.,c20 cm.10aAlfaguara juvenil aCUENTOS JUVENILES ARGENTINOS aLITERATURA JUVENIL ARGENTINA00aAlfaguara juvenil aValidado. Control de calidad MFF 2ddccBK aInventariado 2017  00102ddc40708CJ-GaBPMETbBPMETd2015-10-12eSantillana Ediciones Generalesl0oA863.44 S338c 2007pBPMSU15100086r2015-10-12w2015-10-12yBK 00102ddc40708CJ-GaBPMETbBPMETd2016-11-14eSantillana Ediciones Generalesl0oA863.44 S338c 2007pBPMSU16111287r2016-11-14te. 2w2016-11-14yBK 00102ddc40708CJ-GaBPMETbBPMETd2016-11-14eSantillana Ediciones GeneralesfAlfaguaral0oA863.44 S338c 2007pBPMSU16111288r2016-11-14te. 3w2016-11-14yBK aBrenda Tavárezb10 c8365d8365